Personalismo analógico y derechos humanos /

Guardat en:
Dades bibliogràfiques
Autor principal: Beuchot, Mauricio (autor)
Format: Llibre
Idioma:espanyol
Publicat: México : UNAM, Instituto de Investigaciones Filosóficas, 2024, c2024
Col·lecció:(Cuadernos del Seminario de Hermenéutica ; 43)
Matèries:
Etiquetes: Afegir etiqueta
Sense etiquetes, Sigues el primer a etiquetar aquest registre!

MARC

LEADER 00000nam^a2200000^a^4500
001 000589179
005 20250815000000.0
009 20260310132844.222
020 |a 978-607-30-9175-6 
037 |a Acervo ITESO - Biblioteca 
041 |a ESP 
082 |a 141. 5  |b BEU 
100 |a Beuchot, Mauricio  |e (autor) 
245 1 0 |a Personalismo analógico y derechos humanos /  |c M. Beuchot. 
264 4 |a México :  |b UNAM, Instituto de Investigaciones Filosóficas,  |c 2024, c2024 
300 |a 150 p. 
336 |a texto  |b txt  |2 rdacontenido 
337 |a sin mediación  |b n  |2 rdamedio 
338 |a volumen  |b nc  |2 rdasoporte 
440 1 |a (Cuadernos del Seminario de Hermenéutica ;  |v 43) 
585 |a Exposición DIA 2025-01 / El universo del saber: explorando nuevas ideas 
649 |a XX 
650 |a Personalismo -  |x Historia y Crítica -  |x Tema Principal 
650 |a Hermenéutica 
650 |a Derechos Humanos -  |x Filosofía -  |x Tema Principal 
650 |a Antropología Filosófica 
650 |a Filosofía del Lenguaje 
650 |a Filosofía del Siglo XX 
910 |a Fondo General 
920 |a Impresos - Libros 
930 |a Colección General 
905 |a 101 
901 |a 0500338399  |b IT1  |c ACC  |i C187242  |u 20250521 
902 |a https://opac.biblio.iteso.mx/vufind/Record/000589179